000 02209nam a2200289 a 4500
001 000034182
005 20200930070839.0
008 110927m17841790fr 000 0 fre d
040 _aDO-SdBNP
_bspa
_cBNPHU
100 1 _aMoreau de Saint-Méry, Louis-Élie
_d1750-1819
_959607
245 1 0 _aLoix et constitutions des colonies françoises de l'Amérique sous le vent /
_cMoreau de Saint-Méry.
260 _aParis :
_b[Quillau?],
_c1784- .
300 _a6 vol. :
_bil. ;
_c27 cm.
500 _aEn 1780 Moreau de Saint-Méry fue nombrado "conseiller au Conseil Supérieur de-Saint-Domingue". Esto le permitió, al tener acceso a los archivos de las Antillas, estudiar los documentos primarios relacionados con las leyes y la historia de la colonia. Publicó su magistral "Loix et constituciones...". Parte de su investigación histórica, está incluida en esta obra y en la que le continúa "Description topographique et politique de la partie espagnole de l'île de Saint-Domingue (Philadelphia: 1796)".
500 _aVolume 1: 1550-1703.--v.2: 1704-1721.--v.3: 1722-1749.--v.4: 1750-1765.--v.5: 1766-1779.--v.6: 1780-1785
505 2 _aContiene las leyes y las constituciones de las colonias francesas de América entre el 1550 hasta 1703 y de 1780 hasta 1785; información sobre la administración de las colonias; observaciones generales sobre el clima, población, cultura, el carácter y los habitantes de la parte de francesa de Santo Domingo; descripción física de las diferentes áreas políticas y topográficas que contribuyen a la historia de esta isla y sus dependencias, desde su descubrimiento hasta la actualidad, en 1784
500 _aEx libris Julio Ortega Frier
651 4 _aFrancia
_xColonias
_yAmérica
_959608
651 4 _aAmérica
_xColonias Francesas
_959609
651 4 _aAntillas Francesas
_xPolítica Y Gobierno
_959610
651 4 _aIndias Occidentales
_959611
651 4 _aIslas De Barlovento
_959612
650 0 4 _aLegislación
_zFrancia
_xColonias
_zAmérica
_959613
651 4 _aHaití
_yHasta 1791
_xDescripciones Y Viajes
_959614
651 4 _aHaití
_xPolítica Y Gobierno
_yHasta 1791
_959615
856 4 1 _qhttp://gallica.bnf.fr/ark:/12148/bpt6k86107r/f2.image
_zPDF vol. 1
999 _c33673
_d33673